Capitali Asiatiche - Map Quiz - Statistics

Statistiche generali
  • Questo quiz è stato fatto 1.003 volte
  • Il punteggio medio è 24 su 48
Risposte nella Mappa
Le risposte nella mappa del quiz sottostante sono codificate secondo una scala di colori dal rosso al verde in base alla % di persone che hanno risposto correttamente.
 
Statistiche sulle risposte
Risposta % Corretto
Tokyo
83%
Pechino
82%
Seul
82%
Nuova Delhi
80%
Pyongyang
74%
Ankara
70%
Taipei
70%
Sri Jayawardenepura Kotte
68%
Ulan Bator
64%
Manila
61%
Nicosia
61%
Bangkok
60%
Singapore
58%
Abu Dhabi
56%
Gerusalemme
56%
Giacarta
55%
Islamabad
54%
Kathmandu
54%
Kuwait
54%
Hanoi
53%
Kabul
53%
Riyād
53%
Malé
52%
Baghdad
51%
Dacca
51%
Teheran
51%
Beirut
44%
Phnom Penh
44%
Baku
43%
Sana'a
43%
Tbilisi
43%
Vientiane
43%
Kuala Lumpur
42%
Damasco
40%
Amman
39%
Erevan
36%
Naypyidaw
36%
Doha
35%
Thimphu
35%
Dili
34%
Mascate
33%
Nur-Sultan
33%
Bandar Seri Begawan
30%
Tashkent
27%
Ashgabat
26%
Bishkek
26%
Manama
24%
Dušanbe
21%
Nessun quiz corrispondente trovato
Distribuzione punteggi
Percentuale di utenti per punteggio
Percentile per numero di risposta
I tuoi punteggi nel tempo
Non hai fatto questo quiz